000 00520nam a2200145 a 4500
001 000030750
005 20250607073643.0
008 110527s19uu dr 000 0 spa d
040 _aDO-SdBNP
_bspa
_cBNPHU
245 0 0 _aPlan de acción :
_bprevención, antención e integración social de los discapacitados.
260 _a[Santo Domingo] :
_bSESPAS,
_c[199?].
300 _a16 p. ;
_c22 cm.
710 1 _aRepública Dominicana.
_b Secretaria de Estado de Salud Pública y Asistencia Social (2001)
_956549
049 _aBNPD
999 _c30242
_d30242